[Event "Montilla Moriles"]
[Site "Montilla"]
[Date "1974.08.29"]
[Round "8"]
[White "Andersson, Ulf"]
[Black "Parma, Bruno"]
[Result "1/2-1/2"]
[WhiteElo "2580"]
[BlackElo "2510"]
[PlyCount "158"]
[EventDate "1974.08.??"]

{(ChPl 7/582).-} 1. c4 c5 2. b3 Nf6 3. Bb2 e6 4. Nf3 d5 5. e3 Be7 6. cxd5 exd5
7. Be2 O-O 8. O-O Nc6 9. d4 Ne4 10. dxc5 Bxc5 11. Nc3 Ba3 12. Bxa3 Nxc3 13. Qc2
({En la revista CHESS PLAYER (1974, volumen 7, partida 582) aparece la
siguiente secuencia alterada:} 13. Qd3 Nxe2+ 14. Qxe2 {y a partir de la jugada
14 la revista inglesa coincide con el boletín oficial del torneo.}) 13... Nxe2+
14. Qxe2 Re8 15. Qd3 Bg4 16. Nd4 Bd7 17. Bb2 Qg5 18. Rfd1 Nxd4 19. Qxd4 Bc6 20.
Rd2 a6 21. Re1 Re4 22. Qc5 Qe7 23. Qxe7 Rxe7 24. Rc1 Ree8 25. h3 Rac8 26. Rdc2
Bd7 27. Rc5 Rxc5 28. Rxc5 Bc6 29. a4 ({En este punto ocurre una escisión entre
el boletín oficial del Montilla-Moriles 1974 (la línea principal) y la revista
inglesa CHESS PLAYER (la variante):} 29. Bd4 f6 30. a4 Kf7 31. Ra5 Ke6 32. b4
Bd7 33. b5 axb5 34. axb5 Rc8 35. b6 Rc1+ 36. Kh2 Rc2 37. Ra7 Bc8 38. Ra8 Bd7
39. Rg8 Kf7 40. Rb8 Bc6 41. Kg3 Kg6 42. Kf3 h5 43. g4 h4 44. Rh8 Bd7 45. Rxh4
Rc8 46. Kg3 Be6 47. f3 Kf7 48. Kf2 Kg6 49. Ke2 Kf7 50. Kd2 Ra8 51. Kc3 Rc8+ 52.
Kb4 Rc4+ 53. Ka3 Rc6 54. f4 Rc8 55. Rh8 Rc6 56. Rh4 Bd7 57. Kb4 Rc4+ 58. Kb3
Rc8 59. Ka3 Bb5 60. Rh5 Rd8 61. Kb4 Be2 62. Rh4 Bf3 63. Rh7 Kg6 64. Rh5 Kf7 65.
Rh4 Be2 66. g5 f5 67. Rh7 Rg8 68. Kc5 Kg6 69. Rxg7+ Rxg7 70. Bxg7 Kxg7 71. Kxd5
Kf7 72. h4 Bd3 73. h5 Bc2 74. h6 Kg6 75. Ke6 Bd3 76. Ke7 Be4 77. Kf8 {
y Tablas (CHESS PLAYER. 1974, volumen 7, partida 582)}) 29... f6 30. Bd4 Kf7
31. Ra5 Ke6 32. b4 Bd7 33. b5 axb5 34. axb5 Rc8 35. b6 Rc1+ 36. Kh2 Rc2 37. Ra7
Bc8 38. Ra8 Bd7 39. Rg8 Kf7 40. Rb8 Bc6 41. Kg3 Kg6 42. Kf3 h5 43. g4 h4 44.
Rh8 Bd7 45. Rxh4 Rc8 46. Kg3 Be6 47. Rh5 Kf7 48. f3 Re8 49. Kf2 Ra8 50. Ke2 Rd8
51. Kd2 Re8 52. Kc3 Rc8+ 53. Kb3 Rc6 54. Rh8 Rc8 55. Rh4 Kg6 56. Ka3 Kf7 57.
Rh5 Kg6 58. f4 Kf7 59. Rh4 Bd7 60. Kb4 Rc4+ 61. Kb3 Rc8 62. Ka3 Bb5 63. Rh5 Rd8
64. Kb4 Be2 65. Rh4 Rc8 66. Bc5 Bf3 67. Bd4 Be2 68. g5 f5 69. Rh7 Rg8 70. Kc5
Kg6 71. Rxg7+ Rxg7 72. Bxg7 Kxg7 73. Kxd5 Kf7 74. h4 Bd3 75. h5 Bc2 76. h6 Kg6
77. Ke6 Bd3 78. Ke7 Be4 79. Kf8 Bd5 {[Tiempo blancas: 4 horas 30 minutos -
Tiempo negras: 4 horas 25 minutos] [Fuente 1 (línea principal): Boletín
oficial del IV TORNEO DEL VINO MONTILLA-MORILES. (1974, partida número 39,
página 28). José María González (Editor). San Sebastián, España. /\ Fuente 2
(la variante): Revista CHESS PLAYER. (Año IV, 1974, volumen 7, partida 582).
Encuentro U. Andersson vs. B. Parma del Torneo Internacional Montilla-Moriles
1974. Publicación editada por Chess Player Ltd. Nottingham, Inglaterra. ]}
1/2-1/2

[Event "Montilla Moriles"]
[Site "Montilla"]
[Date "1974.08.29"]
[Round "8"]
[White "Gheorghiu, Florin"]
[Black "Radulov, Ivan"]
[Result "1/2-1/2"]
[WhiteElo "2540"]
[BlackElo "2490"]
[PlyCount "112"]
[EventDate "1974.08.??"]

{(ChPl 5/591).-} 1. c4 e6 2. g3 Nf6 3. Bg2 d5 4. Nf3 Be7 5. O-O O-O 6. d4 c6 7.
Qc2 b6 8. Rd1 Bb7 9. Nc3 Nbd7 10. b3 Rc8 11. e4 dxe4 12. Nxe4 c5 13. Nxf6+ Bxf6
14. Ng5 Bxg5 15. Bxb7 Rc7 16. dxc5 Bxc1 17. Raxc1 Rxb7 18. c6 Rc7 19. cxd7 Rxd7
20. c5 bxc5 21. Rxd7 Qxd7 22. Qxc5 h6 23. Qc6 Qd2 24. Qc2 Rd8 25. Qxd2 Rxd2 26.
Rc8+ Kh7 27. a4 Rb2 28. Rc7 f5 29. Re7 Rxb3 30. Rxe6 Rb4 31. a5 Rb5 32. Ra6 Rb7
33. h4 h5 34. Kg2 Re7 35. Kf3 g6 36. Kf4 Kh6 37. f3 Rb7 38. Ke5 Rb3 39. f4 Rxg3
40. Rxa7 Re3+ 41. Kf6 Rc3 42. a6 Rc6+ 43. Kf7 Kh7 44. Kf8+ Kh6 45. Kg8 Rc8+ 46.
Kf7 Rc6 47. Ra8 Kh7 48. Ke8 g5 49. fxg5 f4 50. Kd7 Rc1 51. Rf8 Ra1 52. Rxf4
Rxa6 53. Rf6 Ra4 54. Rh6+ Kg7 55. Rxh5 Ra6 56. Ke7 Rb6 {[Tiempo blancas: 3
horas - Tiempo negras: 3 horas 30 minutos] [Fuente: Partida gentilmente cedida
por Reinhard Nolde. (Alemania - GER, 17-01-2017). La referencia hemerográfica
es Serie CHESS PLAYER. (Año IV, 1974, volumen 5, partida 591). Encuentro F.
Gheorghiu vs. I. Radulov del Torneo Internacional Montilla-Moriles 1974.
Publicación editada por Chess Player Ltd. Nottingham, Inglaterra.]} 1/2-1/2

[Event "Montilla Moriles"]
[Site "Montilla"]
[Date "1974.08.29"]
[Round "8"]
[White "Kavalek, Lubomir"]
[Black "Keene, Raymond"]
[Result "1/2-1/2"]
[WhiteElo "2625"]
[BlackElo "2505"]
[PlyCount "33"]
[EventDate "1974.08.??"]

1. e4 e6 2. d4 d5 3. Nc3 Bb4 4. e5 c5 5. a3 Bxc3+ 6. bxc3 Qc7 7. Nf3 Ne7 8. Be2
b6 9. O-O Ba6 10. Bxa6 Nxa6 11. Qd3 Nb8 12. c4 dxc4 13. Qxc4 Nd7 14. Bg5 Nd5
15. dxc5 Qxc5 16. Qd3 Qc3 17. Rfd1 {[Tiempo blancas: 1 hora 40 minutos -
Tiempo negras: 1 hora 20 minutos] [Fuente: Boletín oficial del IV TORNEO DEL
VINO MONTILLA-MORILES. (1974, partida número 37, página 27). José María
González (Editor). San Sebastián, España. ]} 1/2-1/2

[Event "Montilla Moriles"]
[Site "Montilla"]
[Date "1974.08.29"]
[Round "8"]
[White "Pfleger, Helmut"]
[Black "Diez del Corral, Jesus Maria"]
[Result "1/2-1/2"]
[WhiteElo "2535"]
[BlackElo "2515"]
[PlyCount "26"]
[EventDate "1974.08.??"]

1. c4 Nf6 2. d4 e6 3. Nf3 Bb4+ 4. Bd2 Qe7 5. g3 Nc6 6. Bg2 Bxd2+ 7. Qxd2 Ne4 8.
Qc2 Qb4+ 9. Nc3 Nxc3 10. Qxc3 Qxc3+ 11. bxc3 b6 12. Ne5 Bb7 13. Nxc6 Bxc6 {
[Tiempo blancas: 0 horas 51 minutos - Tiempo negras: 0 horas 26 minutos]
[Fuente: Boletín oficial del IV TORNEO INTERNACIONAL DEL VINO MONTILLA-MORILES.
(1974, partida número 36, página 27). José María González (Editor). San
Sebastián, España.]} 1/2-1/2

[Event "Montilla Moriles"]
[Site "Montilla"]
[Date "1974.08.29"]
[Round "8"]
[White "Quinteros, Miguel Angel"]
[Black "Ribli, Zoltan"]
[Result "0-1"]
[WhiteElo "2495"]
[BlackElo "2525"]
[Annotator "Quinteros"]
[PlyCount "48"]
[EventDate "1974.08.??"]

{[PREMIO A LA MEJOR PARTIDA DEL TORNEO]} 1. d4 Nf6 2. c4 e6 3. Nc3 Bb4 4. Qc2
c5 5. dxc5 O-O 6. Bf4 Na6 7. a3 Bxc3+ 8. Qxc3 Ne4 $1 ({
En la partida Hort - Ivkov (Petrópolis, 1973) se jugó} 8... Nxc5 9. Rd1 d5 10.
f3 Bd7 $11) 9. Qd4 Naxc5 10. Rd1 (10. b4 Nb3 11. Qxe4 Nxa1 12. Be5 (12. Qb1 Qf6
) 12... a5 $1 13. Bxa1 axb4 $44 {con ligera ventaja negra.}) 10... d5 $1 11. b4
(11. f3 Nb3 $1 {con la idea de Da5-+}) ({Y si} 11. cxd5 exd5 12. Qxd5 Be6 $17 {
y el negro siempre tiene mejores posibilidades.}) 11... Na4 $1 12. f3 ({
Claro que si} 12. cxd5 exd5 13. Qxd5 Be6 14. Qxb7 Qxd1+ 15. Kxd1 Bb3+ 16. Ke1
Rad8 17. e3 Rd1+ 18. Ke2 Nec3+ 19. Kf3 Bd5+ {con mejor juego negro.}) 12...
Nec3 $3 ({Y no} 12... Nf6 {por} 13. e4 $16) 13. Rd3 ({Si} 13. Rc1 $2 dxc4 $3
14. Qxc4 Nd5 $15) 13... f6 $3 $36 14. Bd2 e5 15. Qh4 d4 16. e3 Bf5 $1 17. Bxc3
({Si} 17. exd4 $2 Bxd3 18. Bxd3 e4 $1 $17) 17... Nxc3 18. Rd2 ({Si} 18. exd4
Bxd3 19. Bxd3 e4 $1) 18... dxe3 $3 19. Rxd8 $8 Raxd8 20. Be2 $8 Rd2 $1 21. g4 (
{Si} 21. Kf1 Nxe2 $1 $19) ({Y si} 21. c5 {seguiría} Bd3 $3) 21... Bd3 $1 $19
22. Kf1 Nxe2 23. Nxe2 ({O} 23. Kg2 Nf4+ 24. Kg3 Rg2#) 23... Rxe2 24. Kg1 Rd8 {
[Tiempo blancas: 1 hora 57 minutos - Tiempo negras: 0 horas 45 minutos]
[Comentarios: GM Miguel Ángel Quinteros. (JAQUE_34). || Fuente: Quinteros,
Miguel A. Artículo "IV Torneo Internacional Montilla-Moriles" 1974. Revista
JAQUE. (01-10-1974, año IV, número 34, páginas 2-4). José María González
(Editor-Director). San Sebastián, España.]} (24... Rd8 {. No valdría} 25. g5
Bc2 (25... Be4 26. Kf1 Bxf3 $19) 26. Kf1 Rf2+ {con la mortal amenaza Te1 mate.}
) 0-1

[Event "Montilla Moriles"]
[Site "Montilla"]
[Date "1974.08.30"]
[Round "9"]
[White "Diez del Corral, Jesus Maria"]
[Black "Gheorghiu, Florin"]
[Result "1/2-1/2"]
[WhiteElo "2515"]
[BlackElo "2540"]
[PlyCount "37"]
[EventDate "1974.08.??"]

1. e4 c5 2. Nf3 e6 3. d4 cxd4 4. Nxd4 a6 5. Bd3 Nf6 6. O-O d6 7. Nd2 Nbd7 8. b3
Nc5 9. Bb2 b6 10. Qe2 Bb7 11. a4 Be7 12. b4 Nxd3 13. cxd3 O-O 14. Rfc1 Rc8 15.
b5 Nd7 16. Rxc8 Qxc8 17. Rc1 Nc5 18. Nc4 Qc7 19. bxa6 {[Tiempo blancas: 1 hora
30 minutos - Tiempo negras: 1 hora 37 minutos] [Fuente: Boletín oficial del IV
TORNEO DEL VINO MONTILLA-MORILES. (1974, partida número 42, página 30). José
María González (Editor). San Sebastián, España. ]} 1/2-1/2

[Event "Montilla Moriles"]
[Site "Montilla"]
[Date "1974.08.30"]
[Round "9"]
[White "Keene, Raymond"]
[Black "Pfleger, Helmut"]
[Result "1/2-1/2"]
[WhiteElo "2505"]
[BlackElo "2535"]
[PlyCount "32"]
[EventDate "1974.08.??"]

1. e4 e5 2. f4 exf4 3. Nf3 g5 4. Bc4 g4 5. O-O gxf3 6. Qxf3 Qf6 7. e5 Qxe5 8.
d3 Bh6 9. Nc3 Ne7 10. Bd2 Nbc6 11. Rae1 Qf5 12. Nd5 Kd8 13. Bc3 Re8 14. Qe2 Qe6
15. Qf3 Qf5 16. Qe2 Qe6 {[Tiempo blancas: 1 hora 05 minutos - Tiempo negras: 1
hora 12 minutos] [Fuente: Mega base comercial CHESSBASE. (2014, código base
EXT2001).Selección de partidas del "Moriles" 1974. Base de datos y software de
la empresa Chessbase Matrimony. Hamburgo, Alemania. ]} 1/2-1/2

[Event "Montilla Moriles"]
[Site "Montilla"]
[Date "1974.08.30"]
[Round "9"]
[White "Parma, Bruno"]
[Black "Kavalek, Lubomir"]
[Result "1/2-1/2"]
[WhiteElo "2510"]
[BlackElo "2625"]
[PlyCount "47"]
[EventDate "1974.08.??"]

1. e4 e5 2. Nf3 Nc6 3. Bb5 a6 4. Ba4 Nf6 5. O-O Be7 6. Re1 b5 7. Bb3 d6 8. c3
O-O 9. h3 Na5 10. Bc2 c5 11. d4 Qc7 12. Nbd2 cxd4 13. cxd4 Bb7 14. d5 Bc8 15.
Nf1 Re8 16. Ng3 g6 17. b3 Nb7 18. Be3 Bd7 19. Qd2 Rec8 20. Rac1 Qc3 21. Qxc3
Rxc3 22. Bb1 Rac8 23. Rxc3 Rxc3 24. Bd2 {[Tiempo blancas: 0 horas 47 minutos -
Tiempo negras: 0 horas 45 minutos] [Fuente: Boletín oficial del IV TORNEO DEL
VINO MONTILLA-MORILES. (1974, partida número 44, página 31). José María
González (Editor). San Sebastián, España. ]} 1/2-1/2

[Event "Montilla Moriles"]
[Site "Montilla"]
[Date "1974.08.30"]
[Round "9"]
[White "Radulov, Ivan"]
[Black "Quinteros, Miguel Angel"]
[Result "1/2-1/2"]
[WhiteElo "2490"]
[BlackElo "2495"]
[Annotator "Radulov"]
[PlyCount "38"]
[EventDate "1974.08.??"]

{[Inf 18/446]} 1. e4 c5 2. Nf3 e6 3. d4 cxd4 4. Nxd4 Nf6 5. Nc3 d6 6. g4 a6 (
6... h6) 7. g5 Nfd7 8. Bg2 (8. Rg1 b5 9. a3 Bb7 $14 {- 14/458}) 8... Nc6 (8...
Be7 9. h4 (9. f4 Nc6 10. Be3 O-O 11. h4 Re8 {- 14/455}) 9... O-O $14 {- 14/454}
) 9. O-O $5 {N} (9. f4 h6 $11) 9... Be7 10. h4 h6 (10... Nxd4 11. Qxd4 O-O 12.
Be3 $14) (10... O-O 11. Nde2 {/\ Ng3, f4, f5}) 11. gxh6 Nxd4 (11... gxh6 12.
Nxe6 fxe6 13. Qh5+ Kf8 14. Bxh6+ Rxh6 15. Qxh6+ $14) 12. Qxd4 Bf6 13. Qxd6 gxh6
(13... Be5 14. Qd3 (14. hxg7 $2 Qxh4 $19) 14... Qxh4 15. f4 Bc7 16. hxg7 Rg8
$14) 14. Bf4 Bxh4 15. Rad1 (15. Nd5 $5) 15... Be7 16. Qd4 Rg8 17. e5 Bc5 18.
Qd2 b5 19. Ne4 Qc7 $14 {[Comentarios: Ivan Radulov. (Inf18/446). || Fuente:
CHESS INFORMANT. (1975, tomo 18, partida número 446). Selección de partidas
del "Montilla 1974". Editorial Sahovski Informator. Belgrado, Yugoslavia. ]} (
19... Qc7 20. Bg3 $1 $14) (19... Bb7 $2 20. Qxd7+ $18) 1/2-1/2

[Event "Montilla Moriles"]
[Site "Montilla"]
[Date "1974.08.30"]
[Round "9"]
[White "Ribli, Zoltan"]
[Black "Andersson, Ulf"]
[Result "1/2-1/2"]
[WhiteElo "2525"]
[BlackElo "2580"]
[PlyCount "27"]
[EventDate "1974.08.??"]

1. c4 Nf6 2. g3 g6 3. Bg2 Bg7 4. d4 O-O 5. Nf3 c6 6. O-O d5 7. cxd5 cxd5 8. Ne5
Nbd7 9. Nc3 e6 10. Qb3 Qe7 11. Nxd7 Qxd7 12. Bd2 b6 13. Rfc1 Ba6 14. a4 {
[Tiempo blancas: 1 hora 02 minutos - Tiempo negras: 0 horas 46 minutos]
[Fuente: Boletín oficial del IV TORNEO DEL VINO MONTILLA-MORILES. (1974,
partida número 43, página 30). José María González (Editor). San Sebastián,
España. ]} 1/2-1/2